000 00531nam a2200205 a 4500
001 BRCA_6781
005 20190321142929.0
008 281011s1918----gw-#######---#000-0#ger-#
041 _ager
044 _agw
050 4 _b.M33 1918
100 1 _aMachiavelli, Niccolò
_d1469-1527
_916915
245 1 0 _aGedanken Machiavellis
_cAusgewählt und übersetzt von Emil Schaeffer.
260 _aLeipzig
_bInsel
_c[1918]
300 _a45 p.
_c18 cm.
500 _aL101
650 1 4 _aLiteratura
_916400
902 _aGFM
942 _2lcc
_cB
999 _c6464
_d6464